Principles of highway engineering and traffic analysis / (Record no. 149681)

MARC details
000 -LEADER
fixed length control field 01115cam a2200361 a 4500
001 - CONTROL NUMBER
control field ocm36461616
003 - CONTROL NUMBER IDENTIFIER
control field 0
005 - DATE AND TIME OF LATEST TRANSACTION
control field 20230123133511.0
008 - FIXED-LENGTH DATA ELEMENTS--GENERAL INFORMATION
fixed length control field 970221s1998 nyua b 001 0 eng
010 ## - LIBRARY OF CONGRESS CONTROL NUMBER
LC control number 97003077
015 ## - NATIONAL BIBLIOGRAPHY NUMBER
National bibliography number GB98-67562
019 ## -
-- 39962265
020 ## - INTERNATIONAL STANDARD BOOK NUMBER
International Standard Book Number 0471130850 (pbk. : alk. paper)
029 1# - OTHER SYSTEM CONTROL NUMBER (OCLC)
OCLC library identifier UKM
System control number b9867562
035 ## - SYSTEM CONTROL NUMBER
-- H130
040 ## - CATALOGING SOURCE
Original cataloging agency DLC
Transcribing agency NUST
Modifying agency UKM
-- UBA
-- OCLCQ
049 ## - LOCAL HOLDINGS (OCLC)
Holding library MAIN
090 ## - LOCALLY ASSIGNED LC-TYPE CALL NUMBER (OCLC); LOCAL CALL NUMBER (RLIN)
Classification number (OCLC) (R) ; Classification number, CALL (RLIN) (NR) TE147
100 1# - MAIN ENTRY--PERSONAL NAME
Personal name Mannering, Fred L.
245 10 - TITLE STATEMENT
Title Principles of highway engineering and traffic analysis /
Statement of responsibility, etc. Fred L. Mannering, Walter P. Kilareski.
250 ## - EDITION STATEMENT
Edition statement 2nd ed.
260 ## - PUBLICATION, DISTRIBUTION, ETC.
Place of publication, distribution, etc. New York :
Name of publisher, distributor, etc. Wiley,
Date of publication, distribution, etc. c1998.
300 ## - PHYSICAL DESCRIPTION
Extent xii, 340 p. :
Other physical details ill. ;
Dimensions 24 cm.
504 ## - BIBLIOGRAPHY, ETC. NOTE
Bibliography, etc. note Includes bibliographical references and index.
650 #0 - SUBJECT ADDED ENTRY--TOPICAL TERM
Topical term or geographic name entry element Highway engineering.
650 #0 - SUBJECT ADDED ENTRY--TOPICAL TERM
Topical term or geographic name entry element Traffic engineering.
650 #7 - SUBJECT ADDED ENTRY--TOPICAL TERM
Topical term or geographic name entry element Engenharia de trafego
Source of heading or term larpcal
700 1# - ADDED ENTRY--PERSONAL NAME
Personal name Kilareski, Walter P.
856 41 - ELECTRONIC LOCATION AND ACCESS
Materials specified Table of contents
Uniform Resource Identifier <a href="http://www.loc.gov/catdir/toc/onix05/97003077.html">http://www.loc.gov/catdir/toc/onix05/97003077.html</a>
907 ## - LOCAL DATA ELEMENT G, LDG (RLIN)
a .b10001852
b 26-11-03
c 17-04-03
994 ## -
-- 92
-- ZNA
942 ## - ADDED ENTRY ELEMENTS (KOHA)
Koha item type Ordinary Loan Books
Call number prefix TE147
Holdings
Date last seen Total Checkouts Full call number Barcode Cost, replacement price Price effective from Koha item type Lost status Source of classification or shelving scheme Damaged status Not for loan Collection Withdrawn status Home library Current library Shelving location Date acquired Cost, normal purchase price
01/23/2023 3 TE147 MAN 92003017114 80.00 01/23/2023 BOOKS   LCC     NFIC   MAIN MAIN GEN 01/23/2023 80.00